| 000 | 00315nam a22001337a 4500 | ||
|---|---|---|---|
| 999 |
_c528234 _d528234 |
||
| 003 | NUST | ||
| 038 | _aM.SOHAIL | ||
| 082 |
_a657.45 _bTWB |
||
| 100 |
_aThe World Bank _919583 |
||
| 245 | _aA Review of Transport and Trade | ||
| 260 |
_aWashington _bThe World Bank _c2003 |
||
| 300 |
_aP; 180 _b25cm |
||
| 942 |
_2ddc _cBK |
||